000 00235nam a22000857a 4500
008 170123b xxu||||| |||| 00| 0 eng d
100 _92527
_aMalhotra.R.etal.
245 _aWonder World Environment-S-2
260 _aNew delhi
_bBrittannica
_c2011
999 _c5614
_d5614